Normal view
MARC view
Entry Personal Name
001 - CONTROL NUMBER
- control field: 45389
003 - CONTROL NUMBER IDENTIFIER
- control field: dpl
005 - DATE AND TIME OF LATEST TRANSACTION
- control field: 20120419122922.0
008 - FIXED-LENGTH DATA ELEMENTS
- fixed length control field: 120419|||a|||||| | ||| d
040 ## - CATALOGING SOURCE
- Original cataloging agency: dpl
- Transcribing agency: dpl
100 ## - HEADING--PERSONAL NAME
- Personal name: Richa, Sharma
670 ## - SOURCE DATA FOUND
- Source citation: Work cat.: (dpl)58888: Richa, Sharma, Wind Power :, 2008
670 ## - SOURCE DATA FOUND
- Source citation: Work cat.: (dpl)58888: Richa, Sharma, Wind Power :, 2008
